000
00332nam a22001457a 4500
008
210427b ||||| |||| 00| 0 eng d
020
_a
2900321028470
041
_a
eng
080
_2
2nd
_a
51
082
_a
51
100
_a
36
101
_a
MAT
245
_a
A Graphical Approach to College Algebra
_c
Hornsby,J
942
_2
udc
_c
BK
999
_c
56825
_d
56825